Arkansas County Seats - Statistics

General Stats
  • This quiz has been taken 20 times
  • The average score is 46 of 75
Answer Stats
County County Seat % Correct
Pulaski Little Rock
100%
Saline Benton
93%
Benton Bentonville
93%
Faulkner Conway
93%
Miller Texarkana
93%
Washington Fayetteville
86%
Boone Harrison
86%
Sebastian Fort Smith and Greenwood
79%
Garland Hot Springs
79%
Greene Paragould
79%
Perry Perryville
79%
Jefferson Pine Bluff
79%
White Searcy
79%
Clark Arkadelphia
71%
Independence Batesville
71%
Johnson Clarksville
71%
Phillips Helena
71%
Hempstead Hope
71%
Craighead Jonesboro and Lake City
71%
Crittenden Marion
71%
Conway Morrilton
71%
Pope Russellville
71%
Carroll Berryville and Eureka Springs
64%
Mississippi Blytheville and Osceola
64%
Logan Booneville and Paris
64%
Van Buren Clinton
64%
Sevier De Queen
64%
Prairie Des Arc and DeValls Bluff
64%
Union El Dorado
64%
Hot Spring Malvern
64%
Polk Mena
64%
Baxter Mountain Home
64%
Randolph Pocahontas
64%
Grant Sheridan
64%
Arkansas Stuttgart and Dewitt
64%
Crawford Van Buren
64%
Little River Ashdown
57%
Yell Dardanelle and Danville
57%
Calhoun Hampton
57%
Cleburne Heber Springs
57%
Lonoke Lonoke
57%
Searcy Marshall
57%
Stone Mountain View
57%
Montgomery Mount Ida
57%
Nevada Prescott
57%
Lincoln Star City
57%
Scott Waldron
57%
Desha Arkansas City
50%
Woodruff Augusta
50%
Ouachita Camden
50%
St. Francis Forrest City
50%
Ashley Hamburg
50%
Poinsett Harrisburg
50%
Madison Huntsville
50%
Newton Jasper
50%
Chicot Lake Village
50%
Columbia Magnolia
50%
Drew Monticello
50%
Jackson Newport
50%
Franklin Ozark and Charleston
50%
Clay Piggott and Corning
50%
Cleveland Rison
50%
Lawrence Walnut Ridge
50%
Bradley Warren
50%
Cross Wynne
50%
Sharp Ash Flat
43%
Dallas Fordyce
43%
Lee Marianna
43%
Pike Murfreesboro
43%
Howard Nashville
43%
Marion Yellville
43%
Fulton Salem
36%
Monroe Clarendon
29%
Izard Melbourne
29%
Lafayette Lewisville
21%
No matching quizzes found
Score Distribution
Percent of People with Each Score
Percentile by Number Answered
Your Score History
You have not taken this quiz